<?xml version="1.0" encoding="UTF-8"?>
<record
    xmlns:xsi="http://www.w3.org/2001/XMLSchema-instance"
    xsi:schemaLocation="http://www.loc.gov/MARC21/slim http://www.loc.gov/standards/marcxml/schema/MARC21slim.xsd"
    xmlns="http://www.loc.gov/MARC21/slim">

  <leader>00396nam a22001577a 4500</leader>
  <controlfield tag="005">20170925152451.0</controlfield>
  <controlfield tag="008">170925b        xxu||||| |||| 00| 0 eng d</controlfield>
  <datafield tag="020" ind1=" " ind2=" ">
    <subfield code="a">978-81-203-3560</subfield>
  </datafield>
  <datafield tag="041" ind1=" " ind2=" ">
    <subfield code="a">eng</subfield>
  </datafield>
  <datafield tag="082" ind1=" " ind2=" ">
    <subfield code="a">621.312 1</subfield>
  </datafield>
  <datafield tag="100" ind1=" " ind2=" ">
    <subfield code="a">Singh,S N</subfield>
    <subfield code="9">3979</subfield>
  </datafield>
  <datafield tag="245" ind1=" " ind2=" ">
    <subfield code="a">Electric Power Generaton,Transmission And Distribution</subfield>
  </datafield>
  <datafield tag="260" ind1=" " ind2=" ">
    <subfield code="a">New Delhi</subfield>
    <subfield code="b">New Age</subfield>
    <subfield code="c">2015</subfield>
  </datafield>
  <datafield tag="300" ind1=" " ind2=" ">
    <subfield code="a">433</subfield>
  </datafield>
  <datafield tag="942" ind1=" " ind2=" ">
    <subfield code="c">BK</subfield>
  </datafield>
  <datafield tag="999" ind1=" " ind2=" ">
    <subfield code="c">5612</subfield>
    <subfield code="d">5610</subfield>
  </datafield>
  <datafield tag="952" ind1=" " ind2=" ">
    <subfield code="0">0</subfield>
    <subfield code="1">0</subfield>
    <subfield code="4">0</subfield>
    <subfield code="7">0</subfield>
    <subfield code="a">JRU</subfield>
    <subfield code="b">MAIN</subfield>
    <subfield code="c">SHELF-38-K</subfield>
    <subfield code="d">2017-09-25</subfield>
    <subfield code="e">Purchase</subfield>
    <subfield code="g">350.00</subfield>
    <subfield code="l">3</subfield>
    <subfield code="m">1</subfield>
    <subfield code="o">621.312 1</subfield>
    <subfield code="p">22124</subfield>
    <subfield code="r">2019-02-02 00:00:00</subfield>
    <subfield code="s">2018-11-05</subfield>
    <subfield code="w">2017-09-25</subfield>
    <subfield code="y">BK</subfield>
  </datafield>
  <datafield tag="952" ind1=" " ind2=" ">
    <subfield code="0">0</subfield>
    <subfield code="1">0</subfield>
    <subfield code="4">0</subfield>
    <subfield code="7">0</subfield>
    <subfield code="a">JRU</subfield>
    <subfield code="b">MAIN</subfield>
    <subfield code="c">SHELF-38-K</subfield>
    <subfield code="d">2017-09-25</subfield>
    <subfield code="e">Purchase</subfield>
    <subfield code="g">350.00</subfield>
    <subfield code="l">2</subfield>
    <subfield code="o">621.312 1</subfield>
    <subfield code="p">22125</subfield>
    <subfield code="r">2018-08-30 00:00:00</subfield>
    <subfield code="s">2018-08-20</subfield>
    <subfield code="w">2017-09-25</subfield>
    <subfield code="y">BK</subfield>
  </datafield>
  <datafield tag="952" ind1=" " ind2=" ">
    <subfield code="0">0</subfield>
    <subfield code="1">0</subfield>
    <subfield code="4">0</subfield>
    <subfield code="7">0</subfield>
    <subfield code="a">JRU</subfield>
    <subfield code="b">MAIN</subfield>
    <subfield code="c">SHELF-38-K</subfield>
    <subfield code="d">2017-09-25</subfield>
    <subfield code="e">Purchase</subfield>
    <subfield code="g">350.00</subfield>
    <subfield code="l">4</subfield>
    <subfield code="m">1</subfield>
    <subfield code="o">621.312 1</subfield>
    <subfield code="p">22126</subfield>
    <subfield code="r">2018-12-28 00:00:00</subfield>
    <subfield code="s">2018-11-30</subfield>
    <subfield code="w">2017-09-25</subfield>
    <subfield code="y">BK</subfield>
  </datafield>
  <datafield tag="952" ind1=" " ind2=" ">
    <subfield code="0">0</subfield>
    <subfield code="1">0</subfield>
    <subfield code="4">0</subfield>
    <subfield code="7">0</subfield>
    <subfield code="a">JRU</subfield>
    <subfield code="b">MAIN</subfield>
    <subfield code="c">SHELF-38-K</subfield>
    <subfield code="d">2017-09-25</subfield>
    <subfield code="e">Purchase</subfield>
    <subfield code="g">350.00</subfield>
    <subfield code="l">2</subfield>
    <subfield code="o">621.312 1</subfield>
    <subfield code="p">22127</subfield>
    <subfield code="r">2019-09-26 00:00:00</subfield>
    <subfield code="s">2019-09-06</subfield>
    <subfield code="w">2017-09-25</subfield>
    <subfield code="y">BK</subfield>
  </datafield>
  <datafield tag="952" ind1=" " ind2=" ">
    <subfield code="0">0</subfield>
    <subfield code="1">0</subfield>
    <subfield code="4">0</subfield>
    <subfield code="7">0</subfield>
    <subfield code="a">JRU</subfield>
    <subfield code="b">MAIN</subfield>
    <subfield code="c">SHELF-38-K</subfield>
    <subfield code="d">2017-09-25</subfield>
    <subfield code="e">Purchase</subfield>
    <subfield code="g">350.00</subfield>
    <subfield code="l">3</subfield>
    <subfield code="m">1</subfield>
    <subfield code="o">621.312 1</subfield>
    <subfield code="p">22128</subfield>
    <subfield code="r">2019-09-25 00:00:00</subfield>
    <subfield code="s">2019-09-06</subfield>
    <subfield code="w">2017-09-25</subfield>
    <subfield code="y">BK</subfield>
  </datafield>
</record>
